[Event "Zlin Region-chT 2223"]
[Site "Czech Republic"]
[Date "2023.01.29"]
[Round "7.1"]
[White "Bolacky, Jiri"]
[Black "Stuchly, Ondrej"]
[Result "1-0"]
[WhiteElo "2126"]
[BlackElo "2090"]
[PlyCount "115"]
[EventDate "2022.10.09"]
[EventType "team-tourn"]
[EventRounds "11"]
[EventCountry "CZE"]
[SourceTitle "EXT 2024"]
[Source "ChessBase"]
[SourceDate "2023.10.10"]
[SourceVersion "1"]
[SourceVersionDate "2023.10.10"]
[SourceQuality "1"]
[WhiteTeam "Francova Lhota Sokol"]
[BlackTeam "Stare Mesto  III"]
[WhiteTeamCountry "CZE"]
[BlackTeamCountry "CZE"]

1. e4 e6 2. d4 d5 3. Nc3 Bb4 4. Nge2 dxe4 5. a3 Bxc3+ 6. Nxc3 f5 7. Qh5+ Kf8 8. Bc4 Nf6 9. Qh4 Qxd4 10. Ba2 Nc6 11. Be3 Qd6 12. Rd1 Qe7 13. 0-0 e5 14. Bg5 Be6 15. Bxf6 gxf6 16. Qh6+ Ke8 17. Bxe6 Qxe6 18. Nd5 Rc8 19. Qg7 Rf8 20. Nxc7+ Rxc7 21. Qxc7 Rf7 22. Qd6 Qxd6 23. Rxd6 Ke7 24. Rd2 Ke6 25. Rfd1 Rc7 26. Rd6+ Ke7 27. R6d5 Nd4 28. c3 Nb3 29. Kf1 Nc5 30. c4 Nb3 31. Rd8 Nd4 32. R1xd4 exd4 33. Rxd4 Ke6 34. g3 Ke5 35. Rd5+ Ke6 36. b3 b6 37. Ke2 a5 38. a4 Rc5 39. Rd8 Ke5 40. Ke3 Rc7 41. Rd5+ Ke6 42. Kf4 Rg7 43. Rxf5 Rd7 44. Kxe4 Rd2 45. Ke3 Rd6 46. Rh5 Rd7 47. Ke4 Rd1 48. Rd5 Re1+ 49. Kf4 Ke7 50. Rb5 Re2 51. Kf3 Re6 52. Kg4 Re4+ 53. Kf3 Re6 54. Rh5 Rd6 55. Rxh7+ Ke6 56. Ke3 Kf5 57. h3 Kg5 58. Rc7 1-0

[Event "Zlin Region-chT 2223"]
[Site "Czech Republic"]
[Date "2023.01.15"]
[Round "6.1"]
[White "Bobalik, Petr"]
[Black "Bolacky, Jiri"]
[Result "0-1"]
[WhiteElo "1891"]
[BlackElo "2147"]
[PlyCount "42"]
[EventDate "2022.10.09"]
[EventType "team-tourn"]
[EventRounds "11"]
[EventCountry "CZE"]
[SourceTitle "EXT 2024"]
[Source "ChessBase"]
[SourceDate "2023.10.10"]
[SourceVersion "1"]
[SourceVersionDate "2023.10.10"]
[SourceQuality "1"]
[WhiteTeam "Valasske Mezirici"]
[BlackTeam "Francova Lhota Sokol"]
[WhiteTeamCountry "CZE"]
[BlackTeamCountry "CZE"]

1. e4 e6 2. f4 d5 3. e5 c5 4. c3 Nc6 5. Nf3 Nge7 6. Na3 Nf5 7. Nc2 Bd7 8. Bd3 Nh4 9. 0-0 g6 10. Be2 Nxf3+ 11. Bxf3 Qb6 12. d4 cxd4 13. cxd4 Rc8 14. Kh1 h5 15. f5 gxf5 16. Bg5 Be7 17. Qd2 Qxb2 18. Qd3 Bxg5 19. Rfb1 Nxe5 20. dxe5 Qxc2 21. Qa3 Qc5 0-1

[Event "Zlin Region-chT 2223"]
[Site "Czech Republic"]
[Date "2022.12.09"]
[Round "5.1"]
[White "Bolacky, Jiri"]
[Black "Richvalsky, Patrik"]
[Result "1/2-1/2"]
[WhiteElo "2147"]
[BlackElo "2035"]
[PlyCount "43"]
[EventDate "2022.10.09"]
[EventType "team-tourn"]
[EventRounds "11"]
[EventCountry "CZE"]
[SourceTitle "EXT 2024"]
[Source "ChessBase"]
[SourceDate "2023.10.10"]
[SourceVersion "1"]
[SourceVersionDate "2023.10.10"]
[SourceQuality "1"]
[WhiteTeam "Francova Lhota Sokol"]
[BlackTeam "Zlin Malenovice"]
[WhiteTeamCountry "CZE"]
[BlackTeamCountry "CZE"]

1. e4 c5 2. Nc3 Nc6 3. Bb5 Nd4 4. Nf3 e6 5. 0-0 a6 6. Bd3 Nc6 7. e5 d5 8. exd6 Nf6 9. Ne4 Bxd6 10. b3 0-0 11. Bb2 e5 12. Qe2 Re8 13. Rad1 Bg4 14. Nxf6+ Qxf6 15. Qe4 Bxf3 16. Qxh7+ Kf8 17. gxf3 Qxf3 18. Rde1 Qd5 19. Re3 Qe6 20. f4 Qh6 21. Qxh6 gxh6 22. fxe5 1/2-1/2

[Event "Zlin Region-chT 2223"]
[Site "Czech Republic"]
[Date "2022.10.23"]
[Round "2.1"]
[White "Bolacky, Jiri"]
[Black "Bazant, Petr Sr"]
[Result "0-1"]
[WhiteElo "2126"]
[BlackElo "2221"]
[PlyCount "102"]
[EventDate "2022.10.09"]
[EventType "team-tourn"]
[EventRounds "11"]
[EventCountry "CZE"]
[SourceTitle "EXT 2024"]
[Source "ChessBase"]
[SourceDate "2023.10.10"]
[SourceVersion "1"]
[SourceVersionDate "2023.10.10"]
[SourceQuality "1"]
[WhiteTeam "Francova Lhota Sokol"]
[BlackTeam "Stare Mesto II"]
[WhiteTeamCountry "CZE"]
[BlackTeamCountry "CZE"]

1. e4 c5 2. Nc3 Nc6 3. Bb5 Nd4 4. Nf3 Nxb5 5. Nxb5 d6 6. d4 Nf6 7. 0-0 a6 8. Nc3 cxd4 9. Qxd4 e5 10. Qb4 Qc7 11. Be3 Be6 12. Rfe1 b5 13. Ng5 Bc4 14. Nd5 Nxd5 15. exd5 h6 16. Ne4 Bxd5 17. Nc3 Bc4 18. Ne2 Be7 19. Qc3 Rc8 20. a4 0-0 21. axb5 Bxb5 22. Qxc7 Rxc7 23. Nc3 Bc4 24. Red1 Rb8 25. Na4 Rc6 26. f3 d5 27. b3 d4 28. bxc4 dxe3 29. Rd7 Bf6 30. c5 e4 31. c3 exf3 32. gxf3 Rb3 33. Rd6 Rc7 34. Kf1 Bxc3 35. Rd3 Bxa1 36. Rxb3 Bd4 37. Ke2 Bxc5 38. Nxc5 Rxc5 39. Kxe3 a5 40. Kf4 a4 41. Rb8+ Kh7 42. Ra8 Rc4+ 43. Kg3 g5 44. Ra6 h5 45. Kg2 Rf4 46. Kg3 Kg7 47. h3 h4+ 48. Kf2 f6 49. Ke3 Kf7 50. Ra7+ Ke6 51. Ra6+ Kd5 0-1

[Event "Vsetin op 45th"]
[Site "Vsetin"]
[Date "2020.07.10"]
[Round "9"]
[White "Frank, Adam"]
[Black "Bolacky, Jiri"]
[Result "1/2-1/2"]
[WhiteElo "2227"]
[BlackElo "2153"]
[PlyCount "161"]
[EventDate "2020.07.04"]
[EventType "swiss"]
[EventRounds "9"]
[EventCountry "CZE"]
[SourceTitle "CBM 197 Extra"]
[Source "ChessBase"]
[SourceDate "2020.09.30"]
[SourceVersion "1"]
[SourceVersionDate "2020.09.30"]
[SourceQuality "1"]

1. e4 e6 2. d4 d5 3. Nd2 c5 4. exd5 Qxd5 5. Ngf3 cxd4 6. Bc4 Qd7 7. 0-0 Nc6 8. Nb3 Nf6 9. Nbxd4 Nxd4 10. Nxd4 a6 11. Bg5 b5 12. Bb3 Bb7 13. Re1 Ne4 14. Be3 Nc5 15. Qg4 Nxb3 16. axb3 Bd6 17. c4 0-0 18. Rad1 f5 19. Qh3 bxc4 20. bxc4 Rf6 21. c5 f4 22. cxd6 fxe3 23. Qxe3 Bd5 24. Qa3 Qb7 25. f3 Rd8 26. Kh1 Qb6 27. Rd2 Qxd6 28. Qxd6 Rxd6 29. Kg1 Rb6 30. Ne2 Rf7 31. Nc3 Rfb7 32. Ree2 Bc4 33. Rf2 Bd5 34. h3 Kf7 35. Kh2 Kf6 36. Rxd5 exd5 37. Nxd5+ Ke5 38. Nxb6 Rxb6 39. Rd2 a5 40. Kg3 a4 41. Re2+ Kf6 42. Kf2 Rb3 43. Rc2 a3 44. bxa3 Rxa3 45. Rb2 h6 46. Kg3 Ra4 47. Rb8 Kg6 48. Rb7 Rc4 49. Ra7 Rb4 50. Ra6+ Kf7 51. f4 Rc4 52. Kg4 Rc5 53. Ra3 Kg6 54. Kf3 Rc6 55. g3 Rb6 56. Kg4 Rc6 57. Ra8 Rb6 58. Rf8 Rb4 59. Re8 Rb6 60. Re5 Ra6 61. Rb5 Rc6 62. h4 Ra6 63. Rf5 Rb6 64. h5+ Kh7 65. Rf7 Ra6 66. Re7 Rb6 67. Kf5 Rf6+ 68. Ke5 Ra6 69. Rd7 Ra5+ 70. Rd5 Ra6 71. g4 Rb6 72. Ra5 Rc6 73. Rd5 Ra6 74. Kf5 Rf6+ 75. Ke4 Re6+ 76. Kf3 Ra6 77. Kg3 Rb6 78. Kh4 Rb4 79. Rf5 Rb1 80. g5 hxg5+ 81. Kxg5 1/2-1/2

[Event "Vsetin op 45th"]
[Site "Vsetin"]
[Date "2020.07.08"]
[Round "7"]
[White "Holeksa, Zdenek"]
[Black "Bolacky, Jiri"]
[Result "1-0"]
[WhiteElo "2245"]
[BlackElo "2153"]
[PlyCount "41"]
[EventDate "2020.07.04"]
[EventType "swiss"]
[EventRounds "9"]
[EventCountry "CZE"]
[SourceTitle "CBM 197 Extra"]
[Source "ChessBase"]
[SourceDate "2020.09.30"]
[SourceVersion "1"]
[SourceVersionDate "2020.09.30"]
[SourceQuality "1"]

1. e4 e6 2. d4 d5 3. Nd2 c5 4. exd5 Qxd5 5. Ngf3 cxd4 6. Bc4 Qd7 7. Nb3 Nc6 8. Nbxd4 Nxd4 9. Nxd4 a6 10. 0-0 Nf6 11. Bg5 b5 12. Be2 Bb7 13. Bf3 Bc5 14. Bxb7 Qxb7 15. Bxf6 gxf6 16. Nxe6 Rg8 17. g3 Bxf2+ 18. Rxf2 fxe6 19. Rxf6 Ke7 20. Qd4 Rg7 21. Re1 1-0

[Event "Vsetin op 45th"]
[Site "Vsetin"]
[Date "2020.07.06"]
[Round "4"]
[White "Motuz, Karol"]
[Black "Bolacky, Jiri"]
[Result "1/2-1/2"]
[WhiteElo "2353"]
[BlackElo "2153"]
[PlyCount "120"]
[EventDate "2020.07.04"]
[EventType "swiss"]
[EventRounds "9"]
[EventCountry "CZE"]
[SourceTitle "CBM 197 Extra"]
[Source "ChessBase"]
[SourceDate "2020.09.30"]
[SourceVersion "1"]
[SourceVersionDate "2020.09.30"]
[SourceQuality "1"]

1. c4 g6 2. Nc3 c5 3. g3 Bg7 4. Bg2 Nc6 5. Nf3 e6 6. e3 Nge7 7. d4 d5 8. dxc5 Qa5 9. 0-0 Qxc5 10. cxd5 Nxd5 11. Na4 Qb5 12. a3 Bd7 13. e4 Nd8 14. exd5 Qxa4 15. b3 Qa6 16. Nd4 0-0 17. Ra2 exd5 18. Bxd5 Qd6 19. Nc2 Bg4 20. Qd2 Rc8 21. Ne3 Be6 22. Rd1 Nc6 23. Nc4 Qxd5 24. Qxd5 Bxd5 25. Rxd5 Nd4 26. Be3 Rfd8 27. Rxd8+ Rxd8 28. b4 b6 29. Kg2 Rc8 30. Nd6 Rc6 31. Bxd4 Rxd6 32. Be3 Rd3 33. Rc2 Kf8 34. a4 Bc3 35. b5 Be5 36. Kf3 Ra3 37. Ke4 Bd6 38. Kd5 Ke7 39. Rc8 Rxa4 40. Ra8 Ra3 41. Kc6 Ra5 42. Bg5+ Ke6 43. Be3 Bb4 44. g4 Ke5 45. Re8+ Kf6 46. h4 Bc3 47. g5+ Kf5 48. Re7 f6 49. Rxh7 fxg5 50. hxg5 a6 51. bxa6 Rxa6 52. Kb5 Ra2 53. Kxb6 Bd2 54. Rf7+ Kg4 55. f3+ Kh4 56. Bxd2 Rxd2 57. f4 Rf2 58. Rf6 Kg4 59. Rxg6 Rxf4 60. Rf6 Kxg5 1/2-1/2

[Event "Vsetin op 45th"]
[Site "Vsetin"]
[Date "2020.07.05"]
[Round "2"]
[White "Seemann, Jakub"]
[Black "Bolacky, Jiri"]
[Result "1/2-1/2"]
[WhiteElo "2026"]
[BlackElo "2153"]
[PlyCount "70"]
[EventDate "2020.07.04"]
[EventType "swiss"]
[EventRounds "9"]
[EventCountry "CZE"]
[SourceTitle "CBM 197 Extra"]
[Source "ChessBase"]
[SourceDate "2020.09.30"]
[SourceVersion "1"]
[SourceVersionDate "2020.09.30"]
[SourceQuality "1"]

1. d4 Nf6 2. c4 g6 3. Nc3 d5 4. cxd5 Nxd5 5. e4 Nxc3 6. bxc3 Bg7 7. Nf3 c5 8. Rb1 0-0 9. Be2 cxd4 10. cxd4 Qa5+ 11. Bd2 Qxa2 12. 0-0 Bg4 13. Bg5 h6 14. Be3 Rd8 15. d5 b6 16. h3 Bxf3 17. Bxf3 Nd7 18. Rc1 Kh7 19. g3 Qa3 20. Re1 Rac8 21. Rxc8 Rxc8 22. Bg4 Rc7 23. Bd4 Ne5 24. Be2 Qb4 25. Kg2 Nd3 26. Bxd3 Qxd4 27. Qf3 Rd7 28. Bb5 Rd6 29. Re2 Kg8 30. Bc6 e5 31. Qa3 Rf6 32. Bb5 Bf8 33. Qxa7 Bc5 34. Qa2 Kg7 35. Qc2 Qb4 1/2-1/2

[Event "Jesenik op"]
[Site "Jesenik"]
[Date "2019.08.24"]
[Round "8"]
[White "Bolacky, Jiri"]
[Black "Kowalak, Piotr"]
[Result "0-1"]
[WhiteElo "2155"]
[BlackElo "2082"]
[PlyCount "84"]
[EventDate "2019.08.17"]
[EventType "swiss"]
[EventRounds "9"]
[EventCountry "CZE"]
[SourceTitle "EXT 2020"]
[Source "ChessBase"]
[SourceDate "2019.10.17"]
[SourceVersion "1"]
[SourceVersionDate "2019.10.17"]
[SourceQuality "1"]

1. e4 c5 2. Nc3 a6 3. g3 b5 4. Bg2 Bb7 5. Nge2 e6 6. 0-0 Nf6 7. d3 d5 8. e5 Nfd7 9. f4 Nc6 10. Nb1 Be7 11. c3 0-0 12. d4 Nb6 13. Nd2 b4 14. Nf3 a5 15. Bh3 Ba6 16. f5 exf5 17. Bxf5 a4 18. a3 bxc3 19. bxc3 cxd4 20. cxd4 Na5 21. Rf2 Nb3 22. Ra2 Nxc1 23. Qxc1 Nc4 24. Nf4 g6 25. Bc2 Qa5 26. e6 f5 27. h4 Rac8 28. h5 Kg7 29. Rh2 g5 30. h6+ Kh8 31. Nd3 Qc3 32. Nxg5 Qxd4+ 33. Kh1 Ne3 34. Rh4 Qa7 35. Nf7+ Rxf7 36. exf7 Bxh4 37. gxh4 d4 38. Qg1 Bb7+ 39. Kh2 Qb8+ 40. Kh3 Bg2+ 41. Qxg2 Nxg2 42. Kxg2 Qb7+ 0-1

[Event "CZE-chT2F 1819"]
[Site "Czech Republic"]
[Date "2019.03.31"]
[Round "11.3"]
[White "Bolacky, Jiri"]
[Black "Lojek, Marek"]
[Result "0-1"]
[WhiteElo "2222"]
[BlackElo "2196"]
[PlyCount "68"]
[EventDate "2018.10.14"]
[EventType "team-tourn"]
[EventRounds "11"]
[EventCountry "CZE"]
[SourceTitle "EXT 2022"]
[Source "ChessBase"]
[SourceDate "2021.10.06"]
[SourceVersion "1"]
[SourceVersionDate "2021.10.06"]
[SourceQuality "1"]
[WhiteTeam "Poruba Slavoj II"]
[BlackTeam "Orlova Slavia II"]
[WhiteTeamCountry "CZE"]
[BlackTeamCountry "CZE"]

1. e4 e5 2. Nf3 Nc6 3. d4 exd4 4. Nxd4 Nf6 5. Nxc6 bxc6 6. e5 Qe7 7. Qe2 Nd5 8. c4 Ba6 9. Nd2 Nb6 10. b3 g6 11. Ne4 Bg7 12. Bg5 Qxe5 13. Bf6 Qa5+ 14. Nd2+ Kf8 15. Qe7+ Kg8 16. g4 Bxf6 17. Qxf6 Re8+ 18. Kd1 Re6 19. Qb2 Qc5 20. Bd3 Qe5 21. Kc2 Qxb2+ 22. Kxb2 Kg7 23. h4 Rhe8 24. h5 Rf6 25. Rh2 d5 26. hxg6 fxg6 27. Rah1 Rh8 28. Kc3 dxc4 29. bxc4 Rf4 30. f3 Na4+ 31. Kb4 Nb6 32. Be4 Bb7 33. Nb3 Nd7 34. Nc5 a5+ 0-1

[Event "Tatry op"]
[Site "Tatranske Zruby"]
[Date "2018.10.01"]
[Round "3"]
[White "Bolacky, Jiri"]
[Black "Steiner, Bruno"]
[Result "0-1"]
[WhiteElo "2222"]
[BlackElo "2112"]
[PlyCount "150"]
[EventDate "2018.09.30"]
[EventType "swiss"]
[EventRounds "9"]
[EventCountry "SVK"]
[SourceTitle "CBM 186 Extra"]
[Source "ChessBase"]
[SourceDate "2018.08.24"]
[SourceVersion "1"]
[SourceVersionDate "2018.08.24"]
[SourceQuality "1"]

1. e4 e5 2. Nf3 Nc6 3. d4 exd4 4. Nxd4 Nf6 5. Nxc6 bxc6 6. e5 Qe7 7. Qe2 Nd5 8. c4 Nb6 9. Nc3 Qe6 10. Bd2 a5 11. Qe4 g6 12. 0-0-0 Bb7 13. Qh4 Be7 14. Bg5 Qxe5 15. Bxe7 Qxe7 16. Qd4 0-0 17. h4 c5 18. Qf4 d6 19. h5 Nd7 20. Qh6 g5 21. Bd3 f6 22. Bf5 Nb6 23. Rde1 Qg7 24. Qxg7+ Kxg7 25. h6+ Kf7 26. b3 Rae8 27. f3 Rxe1+ 28. Rxe1 Bc8 29. Bd3 Nd7 30. Bxh7 Rh8 31. Bf5 Ne5 32. Bc2 Rxh6 33. Nb5 Rh2 34. Rg1 g4 35. f4 Nc6 36. Nxc7 Nd4 37. Bd1 g3 38. Nd5 Nf5 39. Bg4 Nd4 40. Bd1 Be6 41. Ne3 Bf5 42. Nf1 Rh4 43. Nxg3 Rxf4 44. Rf1 Rxf1 45. Nxf1 Ke6 46. Kd2 Ke5 47. Ne3 Be4 48. g3 f5 49. Kc3 Bh1 50. Kd3 Nc6 51. a3 Nd4 52. Nf1 Be4+ 53. Kc3 Ne6 54. Ne3 Bh1 55. Bc2 Nd4 56. Bd1 Ke4 57. Nd5 Bf3 58. Nf6+ Ke3 59. Bc2 Ne2+ 60. Kb2 Nxg3 61. b4 axb4 62. axb4 cxb4 63. Kb3 Be4 64. Bd1 Kd2 65. Nxe4+ Nxe4 66. Bh5 Ke3 67. Kxb4 f4 68. Bg4 f3 69. Bh3 f2 70. Bg2 Kd4 71. Kb5 Kc3 72. Bh3 Ng5 73. Bg2 Ne4 74. Bh3 Kd4 75. Bg2 Nd2 0-1

[Event "CZE-chT2F 1718"]
[Site "Czech Republic"]
[Date "2018.02.25"]
[Round "9.4"]
[White "Bolacky, Jiri"]
[Black "Zimniok, Lubomir"]
[Result "1-0"]
[WhiteElo "2239"]
[BlackElo "2051"]
[PlyCount "49"]
[EventDate "2017.10.15"]
[EventType "team-tourn"]
[EventRounds "11"]
[EventCountry "CZE"]
[SourceTitle "EXT 2022"]
[Source "ChessBase"]
[SourceDate "2021.10.06"]
[SourceVersion "1"]
[SourceVersionDate "2021.10.06"]
[SourceQuality "1"]
[WhiteTeam "Poruba Slavoj II"]
[BlackTeam "Karvina"]
[WhiteTeamCountry "CZE"]
[BlackTeamCountry "CZE"]

1. e4 d6 2. d4 g6 3. Nc3 Bg7 4. Be3 Nc6 5. d5 Nb8 6. Qd2 Nf6 7. Bh6 0-0 8. h4 Bxh6 9. Qxh6 Ng4 10. Qd2 e5 11. f3 Nf6 12. h5 Nxh5 13. Qh6 f6 14. g4 Ng7 15. Qxh7+ Kf7 16. Rh6 g5 17. Qg6+ Kg8 18. Rh7 Qe7 19. Qh6 Bd7 20. Nge2 Na6 21. Ng3 Be8 22. Nf5 Nxf5 23. Rh8+ Kf7 24. Qh5+ Kg7 25. Qh7# 1-0

[Event "CZE-chT2F 1718"]
[Site "Czech Republic"]
[Date "2017.12.17"]
[Round "5.2"]
[White "Bolacky, Jiri"]
[Black "Kozel, Jiri"]
[Result "1-0"]
[WhiteElo "2239"]
[BlackElo "2168"]
[PlyCount "45"]
[EventDate "2017.10.15"]
[EventType "team-tourn"]
[EventRounds "11"]
[EventCountry "CZE"]
[SourceTitle "EXT 2022"]
[Source "ChessBase"]
[SourceDate "2021.10.06"]
[SourceVersion "1"]
[SourceVersionDate "2021.10.06"]
[SourceQuality "1"]
[WhiteTeam "Poruba Slavoj II"]
[BlackTeam "Frydek Mistek III"]
[WhiteTeamCountry "CZE"]
[BlackTeamCountry "CZE"]

1. e4 c5 2. Nc3 e6 3. g3 Nc6 4. Bg2 Nf6 5. Nge2 Be7 6. d4 cxd4 7. Nxd4 a6 8. 0-0 Qc7 9. Re1 h5 10. Bf4 e5 11. Nd5 Qd8 12. Nxe7 exf4 13. Nxc8 Qxc8 14. Nf5 Qc7 15. e5 Ng4 16. h3 Nh6 17. Nd6+ Kf8 18. Qxh5 Nd4 19. Re4 f3 20. Rxd4 fxg2 21. Rf4 f6 22. Qg6 Kg8 23. exf6 1-0

[Event "CZE-chT2F 1718"]
[Site "Czech Republic"]
[Date "2017.11.19"]
[Round "3.4"]
[White "Bolacky, Jiri"]
[Black "Kubeczka, Ales"]
[Result "0-1"]
[WhiteElo "2239"]
[BlackElo "2099"]
[PlyCount "60"]
[EventDate "2017.10.15"]
[EventType "team-tourn"]
[EventRounds "11"]
[EventCountry "CZE"]
[SourceTitle "EXT 2022"]
[Source "ChessBase"]
[SourceDate "2021.10.06"]
[SourceVersion "1"]
[SourceVersionDate "2021.10.06"]
[SourceQuality "1"]
[WhiteTeam "Poruba Slavoj II"]
[BlackTeam "Havirov Slovan"]
[WhiteTeamCountry "CZE"]
[BlackTeamCountry "CZE"]

1. e4 c6 2. d4 d5 3. e5 c5 4. dxc5 e6 5. Be3 Ne7 6. c3 Nf5 7. Bd4 Nc6 8. Nf3 Bd7 9. Be2 Nfxd4 10. cxd4 b6 11. cxb6 Qxb6 12. b3 Bb4+ 13. Kf1 0-0 14. a3 Be7 15. b4 f6 16. b5 Nxd4 17. Qxd4 Bc5 18. Qd2 fxe5 19. Nc3 Qd6 20. Na4 Bxf2 21. Kxf2 e4 22. Rhd1 exf3 23. Bxf3 Qxh2 24. Qg5 h6 25. Qg4 Rxf3+ 26. Kxf3 Rf8+ 27. Ke3 Qe5+ 28. Kd3 Bxb5+ 29. Kc2 Rf4 30. Rxd5 Bxa4+ 0-1

[Event "Ostrava Konik op-A"]
[Site "Ostrava"]
[Date "2016.05.04"]
[Round "5"]
[White "Bolacky, Jiri"]
[Black "Lys, Josef"]
[Result "1-0"]
[WhiteElo "2209"]
[BlackElo "2138"]
[PlyCount "48"]
[EventDate "2016.04.30"]
[EventType "swiss"]
[EventRounds "9"]
[EventCountry "CZE"]
[SourceTitle "CBM 172 Extra"]
[Source "ChessBase"]
[SourceDate "2016.06.21"]
[SourceVersion "1"]
[SourceVersionDate "2016.06.21"]
[SourceQuality "1"]

1. e4 g6 2. d4 Bg7 3. Nc3 d6 4. Be3 c6 5. Qd2 b5 6. Bd3 Nd7 7. f4 Nb6 8. b3 a6 9. Rd1 Nf6 10. Nf3 0-0 11. h3 Qc7 12. 0-0 Bb7 13. a4 b4 14. a5 Nc8 15. Na2 c5 16. dxc5 dxc5 17. Qf2 Nd7 18. c3 bxc3 19. e5 Qxa5 20. Bxg6 hxg6 21. Rxd7 Bc6 22. Rdd1 Rb8 23. Bxc5 Rxb3 24. Bd4 Rb2 1-0

[Event "Kesarovski Georgiev Memorial 11th"]
[Site "Sunny Beach"]
[Date "2012.09.05"]
[Round "5"]
[White "Bolacky, Jiri"]
[Black "Asparuhov, Parvan"]
[Result "1/2-1/2"]
[WhiteElo "2231"]
[BlackElo "2104"]
[PlyCount "88"]
[EventDate "2012.09.01"]
[EventType "swiss"]
[EventRounds "9"]
[EventCountry "BUL"]
[SourceTitle "CBM 150 Extra"]
[Source "ChessBase"]
[SourceDate "2012.10.19"]
[SourceVersion "1"]
[SourceVersionDate "2012.10.19"]
[SourceQuality "1"]

1. e4 e6 2. d4 d5 3. Nc3 Bb4 4. e5 c5 5. a3 Bxc3+ 6. bxc3 Qa5 7. Bd2 Qa4 8. Qb1 c4 9. Nh3 Ne7 10. Be2 Nbc6 11. Nf4 b6 12. Nh5 Rg8 13. 0-0 Bd7 14. Bg5 0-0-0 15. Bxe7 Nxe7 16. Qb4 Rde8 17. Rfb1 Kd8 18. Rb2 Nc8 19. g3 a5 20. Qxa4 Bxa4 21. Re1 Kc7 22. Reb1 Kc6 23. Kf1 Re7 24. Ke1 Rb7 25. Kd2 Na7 26. Rf1 Kd7 27. f4 Ke7 28. f5 exf5 29. Rxf5 Bd7 30. Rf1 Bc6 31. Rfb1 Nc8 32. Bg4 Bd7 33. Bf3 Bc6 34. Rf1 b5 35. a4 b4 36. Rbb1 g6 37. Nf6 Rd8 38. cxb4 axb4 39. a5 Na7 40. Ke3 Rb5 41. Rb2 h5 42. Rfb1 Rdb8 43. a6 Kd8 44. Kf4 Ke7 1/2-1/2

[Event "Kesarovski Georgiev Memorial 11th"]
[Site "Sunny Beach"]
[Date "2012.09.04"]
[Round "4"]
[White "Ivanov, Daniel"]
[Black "Bolacky, Jiri"]
[Result "0-1"]
[WhiteElo "1797"]
[BlackElo "2231"]
[PlyCount "38"]
[EventDate "2012.09.01"]
[EventType "swiss"]
[EventRounds "9"]
[EventCountry "BUL"]
[SourceTitle "CBM 150 Extra"]
[Source "ChessBase"]
[SourceDate "2012.10.19"]
[SourceVersion "1"]
[SourceVersionDate "2012.10.19"]
[SourceQuality "1"]

1. d4 Nf6 2. e3 g6 3. c4 Bg7 4. Nc3 0-0 5. Nf3 c5 6. d5 e6 7. Bd3 Na6 8. a3 exd5 9. Nxd5 Nxd5 10. cxd5 d6 11. h3 Nc7 12. Qb3 b5 13. Be2 Bf5 14. g4 Be4 15. 0-0 f5 16. Nd2 Nxd5 17. Qc2 Qh4 18. Kh2 fxg4 19. Bxb5 Rxf2+ 0-1

[Event "CZE-chT1E 1011"]
[Site "Czech Republic"]
[Date "2011.03.20"]
[Round "10"]
[White "Bures, Jaroslav"]
[Black "Bolacky, Jiri"]
[Result "1-0"]
[WhiteElo "2370"]
[BlackElo "2237"]
[PlyCount "81"]
[EventDate "2010.10.10"]
[EventType "team-tourn"]
[EventRounds "11"]
[EventCountry "CZE"]
[SourceTitle "EXT 2012"]
[Source "ChessBase"]
[SourceDate "2011.11.24"]
[SourceVersion "1"]
[SourceVersionDate "2011.11.24"]
[SourceQuality "1"]
[WhiteTeam "Grygov II"]
[BlackTeam "Poruba Slavoj"]
[WhiteTeamCountry "CZE"]
[BlackTeamCountry "CZE"]

1. e4 e6 2. d4 d5 3. e5 c5 4. c3 Bd7 5. Nf3 Qb6 6. a3 cxd4 7. cxd4 Bb5 8. Bxb5+ Qxb5 9. Nc3 Qd7 10. 0-0 Ne7 11. Ne2 Nf5 12. g4 Ne7 13. Ng3 g6 14. Bg5 h6 15. Bf6 Rh7 16. Qd3 Ng8 17. h4 Bg7 18. g5 h5 19. Rfc1 Bf8 20. Rc3 Nc6 21. Rac1 Nxf6 22. gxf6 Bh6 23. R1c2 0-0-0 24. Nxh5 Kb8 25. Ng3 Rhh8 26. Kg2 Rdg8 27. b4 g5 28. h5 g4 29. Ng1 Bf4 30. N1e2 Nxe5 31. dxe5 Bxe5 32. Nd4 Rh6 33. Qe3 Bxd4 34. Qxh6 Bxc3 35. Rxc3 e5 36. Qh7 Re8 37. Qf5 Qd6 38. h6 d4 39. Ne4 Qf8 40. Rc5 Qxh6 41. Nd6 1-0

[Event "Litomysl op 12th"]
[Site "Litomysl"]
[Date "2010.12.29"]
[Round "5"]
[White "Bolacky, Jiri"]
[Black "Borisek, Anze"]
[Result "1-0"]
[WhiteElo "2237"]
[BlackElo "2006"]
[PlyCount "51"]
[EventDate "2010.12.26"]
[EventType "swiss"]
[EventRounds "9"]
[EventCountry "CZE"]
[SourceTitle "CBM 140 Extra"]
[Source "ChessBase"]
[SourceDate "2011.03.01"]
[SourceVersion "1"]
[SourceVersionDate "2011.03.01"]
[SourceQuality "1"]

1. e4 c6 2. d4 d5 3. e5 g6 4. Be3 h5 5. Nd2 Nh6 6. Nb3 Bf5 7. Qd2 Nd7 8. h3 Bg7 9. g3 Qc7 10. f3 Nxe5 11. Bf4 f6 12. g4 Bd7 13. dxe5 fxe5 14. Bg3 hxg4 15. hxg4 0-0-0 16. Bd3 Qd6 17. Qa5 Kb8 18. Bf2 d4 19. 0-0-0 Nf7 20. Rxh8 Rxh8 21. Nc5 Bc8 22. Ne4 Qe6 23. Qb4 Nd6 24. Qb3 Qd7 25. Nc5 Qe8 26. Na6+ 1-0

[Event "CZE-chT1E 1011"]
[Site "Czech Republic"]
[Date "2010.12.12"]
[Round "5.4"]
[White "Skacelik, Petr"]
[Black "Bolacky, Jiri"]
[Result "1-0"]
[WhiteElo "2238"]
[BlackElo "2237"]
[PlyCount "131"]
[EventDate "2010.10.10"]
[EventType "team-tourn"]
[EventRounds "11"]
[EventCountry "CZE"]
[SourceTitle "EXT 2012"]
[Source "ChessBase"]
[SourceDate "2011.11.24"]
[SourceVersion "1"]
[SourceVersionDate "2011.11.24"]
[SourceQuality "1"]
[WhiteTeam "Brno Duras"]
[BlackTeam "Poruba Slavoj"]
[WhiteTeamCountry "CZE"]
[BlackTeamCountry "CZE"]

1. d4 Nf6 2. c4 g6 3. Nc3 d5 4. Bg5 Ne4 5. Bh4 Nxc3 6. bxc3 Bg7 7. e3 c5 8. Nf3 cxd4 9. cxd4 Nc6 10. Be2 Qa5+ 11. Qd2 dxc4 12. Bxc4 0-0 13. 0-0 Bg4 14. Qxa5 Nxa5 15. Be2 e6 16. Rac1 Rfc8 17. Bb5 Nc6 18. Nd2 e5 19. d5 Nb4 20. d6 Nc6 21. Ne4 Bh8 22. Nf6+ Bxf6 23. Bxf6 e4 24. f3 exf3 25. gxf3 Bd7 26. Rfd1 Re8 27. e4 Rac8 28. Bxc6 bxc6 29. Rc5 Rb8 30. Ra5 Rb7 31. Rd3 Ra8 32. Rda3 Kf8 33. Bd4 Be6 34. Ra6 Ke8 35. Rxc6 Kd7 36. Raa6 Bxa2 37. Be5 Be6 38. Rc7+ Rxc7 39. dxc7 Ke7 40. Bd6+ Kd7 41. Bg3 Ke8 42. Kf2 Bc8 43. Ra5 a6 44. Ke3 Ra7 45. Rd5 Bd7 46. Re5+ Kf8 47. Ra5 Ke7 48. Kd4 Bc8 49. Rd5 a5 50. Rd8 Ra8 51. Bd6+ Ke6 52. Kc5 a4 53. Re8+ Kf6 54. h4 g5 55. Be7+ Kg6 56. Rg8+ Kh5 57. Bxg5 a3 58. Rh8 a2 59. Bf6 Ra5+ 60. Kb4 Ra6 61. Ba1 Kxh4 62. Rxc8 Rc6 63. Kb5 Rc1 64. Be5 f6 65. Bxf6+ Kg3 66. Rg8+ 1-0